LDR 01229nam a2200277 i 4500 001 000000191610 003 CaOOAMICUS 005 20260327093721.0 008 100812s1979 it u000 u ita u 013 $a170180 020 $a88-02-01997-5 040 $aSeMil$bita 100 1 $aBergson, Henri,$d<1859-1941>.$0(OLS)http://semarc/name/24632 245 10$aHenri Bergson :$b[Il riso ; L'evoluzione creatrice : Le due fonti della morale e della religione] /$cHenri Bergson. 260 $aTorino :$bUTET,$cstampa 1979. 300 $aXXXIV, 596 p., [1] c. di ritr. ;$c18 cm. 490 0 $aScrittori del mondo: i Nobel 500 $aSul dorso: Premio Nobel 1927. - In custodia. 830 0$aScrittori del mondo: i Nobel.$0(OLS)http://semarc/title/25869 850 $aSeMil 852 $aSeMil$W1$xVenegono$y1$m1W I 270$j142224$B142224$CSeMilBibl$Z2$F153744 $81 961 $aOmaggio: Sacchi don Luigi 996 $6020$a88-02-01997-5$9(OLS)http://semarc/number/182734 996 $6245$aHenri Bergson :$b[Il riso ; L'evoluzione creatrice : Le due fonti della morale e della religione]$9(OLS)http://semarc/title/458854 996 $6260$aTorino :$bUTET$9(OLS)http://semarc/publisher/29621